<?xml version="1.0" encoding="UTF-8"?>
<collection xmlns="http://www.loc.gov/MARC21/slim">
 <record>
  <leader>00497nam a22001575a 4500</leader>
  <controlfield tag="001">EHU.bham005696</controlfield>
  <controlfield tag="003">AR-BHAM</controlfield>
  <controlfield tag="005">20090430110907.0</controlfield>
  <controlfield tag="008">130507s1961##################000#0#####d</controlfield>
  <datafield tag="082" ind1="7" ind2="0">
   <subfield code="a">701</subfield>
  </datafield>
  <datafield tag="100" ind1="1" ind2=" ">
   <subfield code="a">Assunto, Rosario</subfield>
  </datafield>
  <datafield tag="245" ind1="1" ind2="0">
   <subfield code="a">La critica d'arte nel pensiero medievale /</subfield>
   <subfield code="c">Rosario Assunto.</subfield>
  </datafield>
  <datafield tag="260" ind1=" " ind2=" ">
   <subfield code="a">Milano :</subfield>
   <subfield code="b">Ed. Il Saggiatore,</subfield>
   <subfield code="c">1961</subfield>
  </datafield>
  <datafield tag="300" ind1=" " ind2=" ">
   <subfield code="a">461 p.</subfield>
  </datafield>
  <datafield tag="653" ind1=" " ind2=" ">
   <subfield code="a">Arte-filosofia del</subfield>
  </datafield>
  <datafield tag="859" ind1=" " ind2=" ">
   <subfield code="a">AR-BHAM</subfield>
   <subfield code="b">BIB. HUMANIDADES - Lectura de escasa demanda</subfield>
   <subfield code="h">701</subfield>
   <subfield code="i">AS79</subfield>
   <subfield code="p">559.62</subfield>
   <subfield code="t">Ej.1</subfield>
   <subfield code="v">LED797</subfield>
  </datafield>
 </record>
</collection>
